MDQL
is popping MORE tags! Check the
thread
!
Quizzes
Events
Quiz Creation
Community
Videos
Private Events
Remove Ads
Sign In
Join for FREE
Feedback
Dark Mode
Quiz Categories
Sports
Geography
Music
Movies
Television
Just For Fun
Miscellaneous
History
Literature
Language
Science
Gaming
Entertainment
Religion
Holiday
For Kids
Quiz Lab
Recent
Popular Today
Quiz Kudos Today
Editor Picks
Curator Picks
Quizzes by...
Day
Popularity
Type
Ratings
Length
Year
Community
Subscriptions
Recent Discussions
Orange Saloon
Badges
Playlists
Quests
Create
Leaderboards
Showdown
Live 5
Trivia Bingo
Activity
Puzzle Library
Sporcle Events
Private Events
Virtual Trivia
Globe League
Become a Host
Pub Owners
SporcleCon
Opinionation
Our Games
Videos
Blog
Mobile Apps
Partnerships
Remove Ads and Go Orange
Feedback
Music
Pop Music
The Beatles
Song
Album
Lyrics
Bands
Singers
Artist
Clip
Rock
Rap
Classical
Billboard
Country Music
Kpop
Taylor Swift
Music
Pop Music
The Beatles
Song
Album
Lyrics
Bands
Singers
Artist
Clip
Rock
Rap
Classical
Billboard
Country Music
Kpop
Taylor Swift
Random Quiz
Search Sporcle
×
Quiz Lab
Quiz Lab
Music
Album
Type in answers that appear in a list
Type in answers that appear in a list
Classic
Best Score? Go Orange.
Beyoncé Songs Stats
Can you name the Beyoncé Songs?
By
caseyfetherston6
15m
80 Questions
476 Plays
476 Plays
476 Plays
Comments
Comments
Give Quiz Kudos
Give Quiz Kudos
-
- Ratings
hide this ad
Replay
Link that replays current quiz
Next Quiz
Link to next quiz in quiz playlist
You Got
0%
They Got
Avg Score
71%
Avg Friend Score
Upgrade to see
Score Distribution
Jump to the score distribution portion of the page
Score
0/80
Timer
15:00
0
Plays Today
Hint
Answer
% Correct
Dangerously In Love
Crazy In Love
94.3%
Dangerously In Love
Daddy
89.7%
Dangerously In Love
Baby Boy
88.9%
Dangerously In Love
Naughty Girl
87.8%
Dangerously In Love
Me, Myself and I
81.9%
B'Day
If
81.9%
I Am... Sasha Fierce
Halo
81.9%
Beyoncé
Drunk In Love
81.5%
Lemonade
Formation
81.3%
B'Day
Irreplaceable
80.7%
Lemonade
Sorry
79.8%
Lemonade
Hold Up
79.4%
Dangerously In Love
Dangerously In Love
78.8%
Lemonade
Daddy Lessons
78.8%
I Am... Sasha Fierce
If I Were A Boy
78.4%
B'Day
Deja Vu
77.9%
Beyoncé
Pretty Hurts
77.9%
Beyoncé
XO
77.3%
Beyoncé
Blue
77.3%
4
1+1
76.5%
Lemonade
Freedom
76.5%
Dangerously In Love
Yes
76.1%
I Am... Sasha Fierce
Diva
75.8%
Beyoncé
Flawless
75.8%
Lemonade
6 Inch
75.8%
I Am... Sasha Fierce
Single Ladies (Put A Ring On It)
75.6%
Lemonade
All Night
75.6%
Beyoncé
Blow
74.8%
Beyoncé
Partition
74.8%
Lemonade
Don't Hurt Yourself
74.6%
Lemonade
Sandcastles
74.4%
B'Day
Get Me Bodied
74.2%
Lemonade
Pray You Catch Me
74.2%
4
Love On Top
73.9%
4
Run The World (Girls)
73.9%
B'Day
Green Light
73.7%
Beyoncé
Haunted
73.1%
4
Countdown
72.9%
B'Day
Resentment
72.5%
Beyoncé
Heaven
72.5%
Hint
Answer
% Correct
4
I Care
72.3%
B'Day
Upgrade U
72.1%
B'Day
Beautiful Liar
71.4%
Dangerously In Love
Signs
71.2%
Beyoncé
Mine
71%
B'Day
Ring The Alarm
70.6%
Dangerously In Love
Hip Hop Star
70.4%
Dangerously In Love
Speechless
70.4%
Beyoncé
Rocket
70.4%
Beyoncé
Superpower
70.4%
4
Party
70%
4
Best Thing I Never Had
69.7%
Beyoncé
Jealous
69.7%
Lemonade
Love Drought
69.1%
Lemonade
Forward
69.1%
Beyoncé
No Angel
68.9%
B'Day
Freakum Dress
67.9%
I Am... Sasha Fierce
Sweet Dreams
67.9%
4
I Miss You
67.9%
4
Dance For You
67.2%
4
I Was Here
66.8%
I Am... Sasha Fierce
Video Phone
66.6%
Dangerously In Love
The Closer I Get To You
66.4%
Dangerously In Love
Gift From Virgo
66.2%
Dangerously In Love
That's How You Like It
65.5%
4
End Of Time
65.1%
B'Day
Kitty Kat
64.5%
Dangerously In Love
Beyoncé Interlude
64.1%
Dangerously In Love
Be With You
63.2%
I Am... Sasha Fierce
Broken Hearted Girl
63.2%
I Am... Sasha Fierce
Ave Maria
61.8%
4
Start Over
61.6%
I Am... Sasha Fierce
Radio
60.9%
B'Day
Suga Mama
59.9%
4
Rather Die Young
56.9%
I Am... Sasha Fierce
Why Don't You Love Me
53.4%
I Am... Sasha Fierce
Disappear
51.7%
B'Day
Flaws And All
48.1%
B'Day
Welcome To Hollywood
41.2%
I Am... Sasha Fierce
Satellities
30%
Quiz Playlist
Details
Report
Send in Message
Add To Playlist
Classic:
Type in answers that appear in a list
Last Updated: Feb 16, 2017
Quiz Scoreboard
CHALLENGE
Sign Up to Join the Scoreboard
Show All
Scores
Hide
Comments
May contain spoilers
Recently Published
Two Season TV Shows II
by 123Four
Television
10m
Image Sorting: Flags VI
by Barbecue
Geography
2m
Find the 'City' Movie
by crazypaving
Movies
60s
More to Explore
Quiz From the Vault
Featured Blog Post
14 Easter Pick-up Lines to Find Eggs With
hide this ad
You Might Also Like...
Tags
Album Quiz
Beyonce
Beyonce Songs
Today's Top Quizzes in Music
Browse Music
hide this ad
Today's Top Quizzes in Album
Browse Album
Top Contributed Quizzes in Music
1
5X2 Blitz: Bands II
2
5X2 Blitz: The Beatles
3
Taylor Swift All Songs (2024)
4
5X2 Blitz: Billboard
5
5X2 Blitz: Billboard II
6
5X2 Blitz: Album
7
5X2 Blitz: Rock
8
5X2 Blitz: Singers
9
Music Artist by Three 2010s hits
10
5X2 Blitz: Lyrics
Explore More
Trending Topics
Marvel
Anime
Harry Potter
Crossword
Disney
NBA
Kpop
The Office
Soccer
Puzzle
Country
NFL
WWE
Song
Pokémon
hide this ad
More By:
caseyfetherston6
Quiz
Plays
Rating
Category
Featured
Created
Survivor Winners & Returnees 10-1
5,152
4.95
Television
May 21, 2016
100 Real Housewives
2,481
3.33
Television
Jun 5, 2017
Survivor: The Australian Outback Logic Puzzle
1,941
5.00
Television
Apr 7, 2019
Mixed Word: Survivor Winners
800
4.57
Television
Dec 6, 2016
Beyoncé Songs
476
5.00
Music
Apr 30, 2016
Go to Creator's Profile
Score Distribution
Quiz Creator Spotlight
caseyfetherston6
Follow
Send a Message
Quizzes Created
-
Created Quiz Play Count
-
More By This Creator
Popular Quizzes Today
1
Find the US States - No Outlines Minefield
2
Colored Red Africa Blitz
3
Find the 'City' Movie
4
5x2 Blitz: Bands
5
The Countries of the World
6
Find the Countries of Europe - No Outlines Minefield
7
Find the US States
8
US States
More Music Quizzes
'Q' Names for Singers
Quiz Lab
Trending Quizzes
Colored Red Europe Blitz I
Colored Red Africa Blitz II
Colored Red Europe Blitz II
Colored Red Africa Blitz III
Colored Red Europe Blitz III
Recently Updated
How Do You Spell That?
pecheneg
Godzilla Movies
pecheneg
Grab Bag: 4-10 Letters
pecheneg
2024 March Madness Bracket
pecheneg
Famous TV Couples
Peacemaker
Champions League XIs: Real Madrid
pecheneg
Largest US Cities 1790-2010
pecheneg
Rides in Walt Disney World
pecheneg
Most Oscar Losses (Acting)
pecheneg
Beyoncé Albums
pecheneg
Trending Topics
Kpop
Marvel
Anime
Harry Potter
Disney
NBA
Crossword
Pokémon
Song
The Office
Soccer
Puzzle
NFL
Country
WWE
Your Account Isn't Verified!
In order to create a playlist on Sporcle, you need to verify the email address you used during registration. Go to your
Sporcle Settings
to finish the process.
Report this User
Report this user for behavior that violates our
Community Guidelines
.
Details:
Send Report
Go to the Sporcle.com Mobile Site →
Comments